[Event "Tournoi francophone 001 Groupe B"]
[Site "Skype"]
[Date "????.??.??"]
[Round "7.2"]
[White "Gharbi, Said"]
[Black "Legueltel, Daniel"]
[Result "0-1"]
[WhiteElo "1511"]
[BlackElo "1757"]
[PlyCount "56"]

1. e4 e5 2. Nf3 Nf6 3. Bc4 Bc5 4. Nc3 Nc6 5. O-O O-O 6. Re1 d6 7. h3 a6 8. d3
Na5 9. Bb3 Bd7 10. d4 Nxb3 11. axb3 exd4 12. Nxd4 Re8 13. Nf3 Bc6 14. e5 dxe5
15. Qxd8 Raxd8 16. Nxe5 Bd5 17. Bf4 h6 18. Ra4 Bc6 19. Rc4 Bb6 20. Ra1 g5 21.
Nxc6 bxc6 22. Bg3 Rd2 23. Rc1 Nh5 24. Bh2 Rxf2 25. Rxc6 Rxc2+ 26. Kh1 Rxc1+ 27.
Bg1 Bxg1 28. Rxh6 Ng3# 0-1

[Event "Tournoi francophone 001 Groupe B"]
[Site "Skype"]
[Date "????.??.??"]
[Round "7.3"]
[White "Megelas, Florent"]
[Black "Bourdeau, Yvan"]
[Result "1/2-1/2"]
[WhiteElo "1704"]
[BlackElo "1602"]
[PlyCount "62"]

1. e4 c5 2. Nf3 d6 3. d4 cxd4 4. Nxd4 Nf6 5. Nc3 Nc6 6. Be2 e6 7. Bg5 Be7 8.
Ndb5 a6 9. Bxf6 gxf6 10. Nd4 Qa5 11. Nxc6 bxc6 12. Qd3 Qg5 13. Bf3 e5 14. Ne2
O-O 15. Ng3 Rd8 16. h4 Qg7 17. Nf5 Qf8 18. Bg4 Bxf5 19. Bxf5 Qg7 20. Qf3 d5 21.
Rh3 Kh8 22. Rg3 Qh6 23. Rd1 d4 24. Qb3 Qf8 25. Qf3 Bb4+ 26. Kf1 Qh6 27. Qb3 Qf8
28. Qf3 Qh6 29. Qb3 Qf8 30. Qf3 Qh6 31. Qb3 Qf8 1/2-1/2

[Event "Tournoi francophone 001 Groupe B"]
[Site "Skype"]
[Date "????.??.??"]
[Round "7.4"]
[White "Rochette, Mathieu"]
[Black "Malbec, Robert"]
[Result "1-0"]
[WhiteElo "1516"]
[BlackElo "1525"]
[PlyCount "45"]

1. d4 d5 2. c4 c6 3. Nc3 dxc4 4. e4 b5 5. a4 b4 6. Na2 b3 7. Nc3 Ba6 8. Nf3 e6
9. Ne5 Bd6 10. Nxc4 Bxc4 11. Bxc4 Qb6 12. Bxb3 Bb4 13. O-O Nf6 14. Re1 O-O 15.
Bc2 Nbd7 16. Qd3 Rfd8 17. e5 Nd5 18. Qxh7+ Kf8 19. Qh8+ Ke7 20. Nxd5+ cxd5 21.
Bg5+ f6 22. Qxg7+ Ke8 23. Bg6# 1-0

[Event "Tournoi francophone 001 Groupe B"]
[Site "Skype"]
[Date "????.??.??"]
[Round "7.5"]
[White "Fouquereau, Andre"]
[Black "L'Herbon De Lussats, Jean"]
[Result "1-0"]
[WhiteElo "1590"]
[BlackElo "1507"]
[PlyCount "61"]

1. e4 c5 2. Nf3 Nc6 3. c3 e5 4. Bb5 a6 5. Bxc6 bxc6 6. Nxe5 Bd6 7. Nf3 Bb8 8.
O-O d5 9. e5 Bg4 10. d4 cxd4 11. cxd4 Ne7 12. Nbd2 O-O 13. Qb3 Ra7 14. Re1 Re8
15. h3 Bh5 16. Nh4 Qc7 17. Ndf3 Ng6 18. Nf5 Bxf3 19. Qxf3 f6 20. Bf4 fxe5 21.
dxe5 Nxe5 22. Nh6+ Kh8 23. Bxe5 Qe7 24. Bxg7+ Kxg7 25. Rxe7+ Raxe7 26. Nf5+ Kf7
27. Nxe7+ Kxe7 28. Re1+ Kd8 29. Qf6+ Kd7 30. Qf7+ Kd8 31. Rxe8# 1-0

[Event "Tournoi francophone 001 Groupe B"]
[Site "Skype"]
[Date "????.??.??"]
[Round "8.1"]
[White "Antonic, Nenad"]
[Black "L'Herbon De Lussats, Jean"]
[Result "1-0"]
[WhiteElo "1545"]
[BlackElo "1507"]
[PlyCount "85"]

1. d4 e6 2. Nf3 c5 3. c3 d5 4. e3 a6 5. Bd3 c4 6. Bc2 Nf6 7. Nbd2 Be7 8. O-O
O-O 9. Re1 b5 10. e4 Bb7 11. e5 Nh5 12. b3 f6 13. bxc4 dxc4 14. exf6 Rxf6 15.
Ne4 Rf8 16. Nfg5 Bd5 17. Qxh5 h6 18. Nf3 Nd7 19. Qg6 Nf6 20. Nxf6+ Rxf6 21.
Qh7+ Kf7 22. Ne5+ Ke8 23. Qg8+ Bf8 24. Ng6 Kd7 25. Nf4 Kc6 26. Nxd5 exd5 27.
Re6+ Kb7 28. Rxf6 Qxf6 29. Qxd5+ Ka7 30. Be4 Rb8 31. Qd7+ Kb6 32. Ba3 Bxa3 33.
Re1 Bb2 34. Bf3 Ka5 35. Re6 Qg5 36. g3 Qc1+ 37. Kg2 Qg5 38. Qc7+ Ka4 39. Qxb8
a5 40. Re5 Qd2 41. Qxb5+ Ka3 42. Qxc4 Bxc3 43. Qb3# 1-0

[Event "Tournoi francophone 001 Groupe B"]
[Site "Skype"]
[Date "????.??.??"]
[Round "8.2"]
[White "Malbec, Robert"]
[Black "Fouquereau, Andre"]
[Result "1-0"]
[WhiteElo "1525"]
[BlackElo "1590"]
[PlyCount "73"]

1. e4 e5 2. Nf3 d6 3. Bc4 Be7 4. d4 Nd7 5. dxe5 Nxe5 6. Nxe5 dxe5 7. Qh5 g6 8.
Qxe5 Nf6 9. Qc3 O-O 10. Nd2 Ng4 11. h3 Bf6 12. Qb3 Ne5 13. Nf3 Nxc4 14. Qxc4
Be6 15. Qb4 b6 16. Bh6 c5 17. Qa3 Re8 18. O-O Bg7 19. Bxg7 Kxg7 20. Rfd1 Qe7
21. Qc3+ Kg8 22. Qe3 Rad8 23. b3 Rd7 24. Qh6 Rxd1+ 25. Rxd1 Qf8 26. Qh4 h6 27.
Qg3 Rd8 28. Rd3 Rxd3 29. cxd3 Qd8 30. Ne5 Kg7 31. h4 Qd4 32. h5 g5 33. Kh2 Kf6
34. Ng4+ Bxg4 35. Qxg4 Qd6+ 36. Qg3 Qxd3 37. Qxd3 1-0

[Event "Tournoi francophone 001 Groupe B"]
[Site "Skype"]
[Date "????.??.??"]
[Round "8.3"]
[White "Bourdeau, Yvan"]
[Black "Rochette, Mathieu"]
[Result "0-1"]
[WhiteElo "1602"]
[BlackElo "1516"]
[PlyCount "60"]

1. c4 Nf6 2. Nc3 e5 3. Nf3 Nc6 4. d3 d5 5. cxd5 Nxd5 6. Qb3 Nxc3 7. bxc3 Be7 8.
e4 b6 9. Be2 Be6 10. Qc2 O-O 11. O-O h6 12. Re1 f5 13. Bf1 fxe4 14. dxe4 Rf6
15. Be3 Qf8 16. Rad1 Rg6 17. Kh1 Bh3 18. Ng1 Bg4 19. Be2 Bxe2 20. Nxe2 Bc5 21.
Bxc5 Qxc5 22. Ng3 Rd8 23. Rxd8+ Nxd8 24. Nf5 Rc6 25. Ne3 Qa3 26. Qb3+ Qxb3 27.
axb3 Rxc3 28. Rd1 Ne6 29. Rd7 Rxb3 30. Nd5 Rb1# 0-1

[Event "Tournoi francophone 001 Groupe B"]
[Site "Skype"]
[Date "????.??.??"]
[Round "8.4"]
[White "Legueltel, Daniel"]
[Black "Megelas, Florent"]
[Result "1-0"]
[WhiteElo "1757"]
[BlackElo "1704"]
[PlyCount "73"]

1. e4 e5 2. Nf3 Nc6 3. Bc4 Bc5 4. c3 d6 5. d4 exd4 6. cxd4 Bb6 7. O-O Bd7 8.
Nc3 Nge7 9. Be3 O-O 10. Ng5 Qe8 11. f4 h6 12. Nf3 Ng6 13. Qe1 Qe7 14. f5 Nh8
15. f6 Qxf6 16. Ne5 Qxf1+ 17. Kxf1 Nxe5 18. dxe5 Bxe3 19. Qxe3 dxe5 20. Rd1 Bg4
21. Rd5 Ng6 22. Rd2 Rad8 23. Rxd8 Rxd8 24. h3 Be6 25. Bxe6 fxe6 26. g3 a6 27.
Ke2 Ne7 28. Qc5 Nc6 29. Ke3 Kf7 30. Qc4 Ke7 31. Qb3 Rb8 32. Na4 Nd4 33. Qc4 c6
34. Qc5+ Kf6 35. Qd6 Re8 36. Nc5 Re7 37. Nd7+ 1-0

[Event "Tournoi francophone 001 Groupe B"]
[Site "Skype"]
[Date "????.??.??"]
[Round "8.5"]
[White "Duthoit, Bernard"]
[Black "Gharbi, Said"]
[Result "0-1"]
[WhiteElo "1476"]
[BlackElo "1511"]
[PlyCount "84"]

1. e4 e5 2. Nf3 Nf6 3. Nc3 Bb4 4. Nxe5 Bxc3 5. bxc3 Nxe4 6. Nf3 O-O 7. Bc4 d5
8. Bb3 Bf5 9. O-O Nc5 10. d4 Ne4 11. Bb2 Nc6 12. c4 Be6 13. cxd5 Bxd5 14. Bxd5
Qxd5 15. c3 Na5 16. Nd2 Rfe8 17. Nxe4 Rxe4 18. Re1 Rae8 19. Rxe4 Qxe4 20. h3
Nc4 21. Qb3 Nd2 22. Qd1 Nc4 23. Qb3 Na5 24. Qa4 b6 25. Rd1 Re6 26. Bc1 h6 27.
Qb5 Rc6 28. Bd2 Qc2 29. Qe2 Re6 30. Rc1 Qxa2 31. Qd1 Nb3 32. Rc2 Qa1 33. Qxa1
Nxa1 34. Ra2 Nb3 35. Be3 a5 36. Rb2 a4 37. Kf1 Rc6 38. Rc2 a3 39. Ra2 Rxc3 40.
Rxa3 b5 41. Ke2 Nxd4+ 42. Bxd4 Rxa3 0-1

[Event "Tournoi francophone 001 Groupe B"]
[Site "Skype"]
[Date "????.??.??"]
[Round "9.1"]
[White "Gharbi, Said"]
[Black "Antonic, Nenad"]
[Result "1/2-1/2"]
[WhiteElo "1511"]
[BlackElo "1545"]
[PlyCount "59"]

1. e4 c6 2. d4 d5 3. e5 Bf5 4. Nf3 e6 5. Bd3 Bxd3 6. Qxd3 Be7 7. O-O Nd7 8. c4
dxc4 9. Qxc4 Nb6 10. Qb3 Qd5 11. Nbd2 O-O-O 12. Qe3 Nh6 13. Ne4 Nf5 14. Qd3 g6
15. Bg5 Qd7 16. Bxe7 Qxe7 17. Rac1 Nd5 18. Nc5 Nf4 19. Qd2 g5 20. g3 Nh3+ 21.
Kg2 g4 22. Ng1 Nxg1 23. Rxg1 Rxd4 24. Qa5 Kb8 25. Rc3 h5 26. Rb3 b6 27. Na6+
Kb7 28. Nc5+ Kb8 29. Na6+ Kb7 30. Nc5+ 1/2-1/2

[Event "Tournoi francophone 001 Groupe B"]
[Site "Skype"]
[Date "????.??.??"]
[Round "9.2"]
[White "Megelas, Florent"]
[Black "Duthoit, Bernard"]
[Result "0-1"]
[WhiteElo "1704"]
[BlackElo "1476"]
[PlyCount "84"]

1. e4 e6 2. d4 d5 3. exd5 exd5 4. Nf3 Nc6 5. Be2 Nf6 6. Nc3 g6 7. O-O Bg7 8.
Re1 O-O 9. h3 a6 10. Ne5 Nxe5 11. dxe5 Ne4 12. Nxe4 dxe4 13. Bc4 Qxd1 14. Rxd1
Bxe5 15. Bd5 Bf5 16. Bxb7 Rab8 17. Bxa6 Bxb2 18. Rb1 Bc3 19. Ba3 Rfe8 20. Rb3
Rxb3 21. axb3 Ra8 22. Bc1 Rxa6 23. Bh6 Ra1 24. Rxa1 Bxa1 25. c4 Bd4 26. Be3 c5
27. Kf1 Be6 28. Ke2 f5 29. f3 Bxe3 30. Kxe3 exf3 31. Kxf3 Kf7 32. Kf4 Kf6 33.
h4 h6 34. g3 h5 35. Kf3 Ke5 36. Ke3 Bf7 37. Kd3 f4 38. gxf4+ Kxf4 39. Kc3 g5
40. hxg5 Kxg5 41. b4 cxb4+ 42. Kxb4 Bxc4 0-1

[Event "Tournoi francophone 001 Groupe B"]
[Site "Skype"]
[Date "????.??.??"]
[Round "9.3"]
[White "Rochette, Mathieu"]
[Black "Legueltel, Daniel"]
[Result "1-0"]
[WhiteElo "1516"]
[BlackElo "1757"]
[PlyCount "39"]

1. d4 d5 2. c4 c6 3. Nc3 e6 4. Nf3 Nf6 5. Bg5 Nbd7 6. e3 Qa5 7. Bd3 Bb4 8. O-O
Bxc3 9. bxc3 dxc4 10. Bxf6 Nxf6 11. Bxc4 Qxc3 12. Rc1 Qa5 13. Qd3 O-O 14. e4
Rd8 15. e5 Nd7 16. Rfe1 c5 17. d5 Nb6 18. Ng5 g6 19. Qf3 Rd7 20. dxe6 1-0